000 01025nab a22002057a 4500
999 _c5819
_d5819
003 OSt
005 20260107113627.0
008 190514b xxu||||| |||| 00| 0 spa d
040 _cPJ
100 _94293
_aDuprat, Carolina
245 1 0 _aAlimentos y cuidado compartido de hijas e hijos /
_cCarolina Duprat.
300 _ap. 6-18
505 _aSumario: I. Introducción.— II. El derecho a la coparentalidad y la responsabilidad alimentaria de ambos progenitores.— III. Variables a tener en cuenta para la cuantificación.— IV. Perspectiva de género en los alimentos para los hijos y las hijas.— V. Valor económico de las tareas de cuidado.— VI. Breves conclusiones a modo de cierre.
505 _tSi te interesa el texto, comunicate a koha@justierradelfuego.gov.ar
650 0 _9967
_aDERECHO DE FAMILIA
650 0 _9968
_aALIMENTOS
650 0 _94044
_aPERSPECTIVA DE GÉNERO
773 0 _02844
_93222
_dBuenos Aires : AbeledoPerrot, 1989-
_tDerecho de familia. N° 118 - Marzo 2025
_z18511201
942 _2udc
_cANA